| 000 | 02406nam a22005177a 4500 | ||
|---|---|---|---|
| 001 | 270650 | ||
| 003 | OSt | ||
| 005 | 20210422055934.0 | ||
| 007 | ad canzn | ||
| 008 | 951106s1995 ru e 0 engo | ||
| 010 | _a 95222529 | ||
| 020 | _a5876640530 | ||
| 034 | 0 | _aa | |
| 040 |
_aeng _cDLC _dDLC _beng |
||
| 041 | 0 |
_aeng _hrus |
|
| 050 | 0 | 0 |
_aG2141.E1 _bE8 1995 |
| 052 | _a7061 | ||
| 072 | 0 |
_aE1 _2lcg |
|
| 080 |
_a614 _bE-58 |
||
| 082 | 0 | 0 |
_a363.7/00947/022 _220 |
| 130 | 0 |
_aAtlas okruzhai︠u︡shchai︠a︡ sreda i zdorovʹe naselenii︠a︡ Rossii. _lEnglish. |
|
| 245 | 0 | 0 |
_aEnvironmental and health atlas of Russia = _b[Atlas okruzhai︠u︡shchai︠a︡ sreda i zdorovʹe naselenii︠a︡ Rossii] / _cMurray Feshbach (editor-in-chief) ; Yulia Ye. Abrosimova ... [et al.] ; Boris B. Prokhorov (editor of the Russian edition) ; Gregory Guroff (project director) ; forewords by Gregory Guroff and Aleksei V. Yablokov ; introductory article by Murray Feshbach. |
| 246 | 3 | 1 | _aAtlas okruzhai︠u︡shchai︠a︡ sreda i zdorovʹe naselenii︠a︡ Rossii |
| 255 | _aScales differ. | ||
| 260 |
_a[Moscow] Russia : _b"Paims" Pub. House, _c1995. |
||
| 300 |
_a1 atlas (1 v. (various pagings)) :120 p. _bcol. maps ; _c21 x 28 cm. |
||
| 500 | _aParallel title transliterated from non-roman script. | ||
| 504 | _aIncludes bibliographical references. | ||
| 546 | _aText in English and Russian. | ||
| 650 | 0 |
_aEnvironmental health _zRussia (Federation) _vMaps. |
|
| 650 | 0 |
_aPublic Health _9337 |
|
| 650 | 0 |
_aHealth risk assessment _zRussia (Federation) _vMaps. |
|
| 650 | 0 |
_aEnvironmentally induced diseases _zRussia (Federation) _vMaps. |
|
| 653 | _aსაზოგადოებრივი ჯანდაცვა | ||
| 653 | _aგარემოს დაბინძურებით გამოწვეული დაავადებები | ||
| 700 | 1 |
_aFeshbach, Murray, _d1929- |
|
| 700 |
_aAbrosimova, Ye. Yulia _9611 _eEditor |
||
| 700 |
_aArtyukhov, V. Vladimir _9612 _eEditor |
||
| 700 |
_aMartynov, S. Aleksandr _9613 _eEditor |
||
| 700 |
_aErmakov, P. Sergei _9614 _eEditor |
||
| 700 |
_aProkhorov, B. Boris _9615 _eEditor of the Russian Edition |
||
| 700 |
_aGuroff, Gregory _9616 _eProject Director |
||
| 906 |
_a7 _bcbc _corignew _d2 _encip _f19 _gn-geogmaps |
||
| 942 |
_2udc _cBK |
||
| 999 |
_c802 _d802 |
||